00822nam a2200277 4500003000400000005001700004008004100021040001800062050001700080100002700097245004700124250001200171264005200183300001700235336002200252337002400274338002400298500002300322650002300345650004300368650003100411650002700442650004300469942001500512999001700527OSt20260530113842.0260508b1966 |||a|||| |||| 00| 0 eng d aICIbspacICI aTS171.4bD741 aDreyfuss, Henry93036610aThe Measure of Man Human Factors in Design a2nd Ed. 1bWhitney Library of Designc1966aEstados Unidos a48 páginas atexto2rdacontent asin medio2rdamedia avolumen2rdacarrier aLibro muy especial aErgonomía930367 aFactores humanos en el diseño930368 aDiseño industrial915218 aAntropometría930369 aDiseño centrado en el usuario930370 2lcccBKn1 c11170d11170